000 00553nam a2200229Ia 4500
005 20260320201732.0
008 008 262003s9999 xx 000 0 eng d
037 _aEBOOK
040 _aCRL
040 _beng
040 _cCRL
041 _2eng
041 _aeng
084 _qCRL
100 _aBessire
_91135797
245 0 _aRunning Out: In Search of Water on the High Plains
260 _bIEEE
856 _uhttps://ieeexplore.ieee.org/servlet/opac?bknumber=9519677
942 _cEBOOK
999 _c1723223
_d1723223